书目信息 |
| 题名: |
电动汽车充电设施运行与维护技术
|
|
| 作者: | 姜久春主编 | |
| 分册: | ||
| 出版信息: | 北京 北京交通大学出版社 2016 |
|
| 页数: | 219页 | |
| 开本: | 26cm | |
| 丛书名: | ||
| 单 册: | ||
| 中图分类: | U469.72;U491.8 , U469.72 | |
| 科图分类: | ||
| 主题词: | ||
| 电子资源: | ||
| ISBN: | 978-7-5121-2447-9 | |
| 000 | 00869nam0 2200229 450 | |
| 001 | 845 | |
| 005 | 20160912094733.45 | |
| 010 | @a978-7-5121-2447-9@b平装@dCNY35.00 | |
| 100 | @a20160520d2016 em y0chiy50 ea | |
| 101 | 0 | @achi |
| 102 | @aCN@b110000 | |
| 105 | @aa z 000yy | |
| 200 | 1 | @a电动汽车充电设施运行与维护技术@f姜久春主编 |
| 210 | @a北京@c北京交通大学出版社@d2016 | |
| 215 | @a219页@c图@d26cm | |
| 300 | @a国家新能源汽车“十三五”重点规划·电动汽车系列教材 | |
| 330 | @a电动汽车充电站的功能和构成,交流配电系统和充电机的功能及应用,以及电动汽车的直流系统、电动汽车的监控系统、电动汽车的计量计费系统的应用和构成介绍。学生通过学习可掌握电动汽车充电站的维护和运行技术。 | |
| 610 | 1 | @a电动汽车@x充电@x电站@x服务设施@x运行 |
| 690 | @aU469.72;U491.8@v5 | |
| 690 | @aU469.72@v4 | |
| 801 | 0 | @aCN@b唐山师范学院图书馆@c20160724 |
| 905 | @aZUCC@dU469.72@e313 | |
| 电动汽车充电设施运行与维护技术/姜久春主编.-北京:北京交通大学出版社,2016 |
| 219页:图;26cm |
| 国家新能源汽车“十三五”重点规划·电动汽车系列教材 |
| ISBN 978-7-5121-2447-9(平装):CNY35.00 |
| 电动汽车充电站的功能和构成,交流配电系统和充电机的功能及应用,以及电动汽车的直流系统、电动汽车的监控系统、电动汽车的计量计费系统的应用和构成介绍。学生通过学习可掌握电动汽车充电站的维护和运行技术。 |
| ● |
| 相关链接 |
|
|
|
|
正题名:电动汽车充电设施运行与维护技术
索取号:U469.72/313
 
预约/预借
| 序号 | 登录号 | 条形码 | 馆藏地/架位号 | 状态 | 备注 |
| 1 | 903697 | 209036979 | 第二样本阅览室/ [索取号:U469.72/313] | 在馆 | |
| 2 | 903698 | 209036988 | 第三借阅区/ [索取号:U469.72/313] | 在馆 | |
| 3 | 903699 | 209036997 | 第三借阅区/ [索取号:U469.72/313] | 在馆 | |
| 4 | 903700 | 209037004 | 第三借阅区/ [索取号:U469.72/313] | 在馆 | |
| 5 | 903701 | 209037013 | 第三借阅区/ [索取号:U469.72/313] | 在馆 |